000 01155nam a22002057a 4500
999 _c66850
_d66850
005 20251125233109.0
008 s2554 th ||||| |||| 00| 0 tha d
020 _a9786165431538
040 _aNALT
050 _aDS 586
_bภ671พ 2554
110 2 _aกรมการศาสนา
_919188
245 1 0 _aพระบรมราชูปถัมภ์กิจการศาสนาในพระบาทสมเด็จพระเจ้าอยู่หัว /
_cกรมการศาสนา.
260 _aกรุงเทพฯ :
_bกรมการศาสนา กระทรวงวัฒนธรรม,
_c2554.
300 _a302 หน้า :
_bภาพประกอบ ;
_c29 ซม.
600 0 0 _aภูมิพลอดุลยเดช,
_cพระบาทสมเด็จพระเจ้าอยู่หัว
_xพระราชกรณียกิจ
_93353
850 _aNALT
856 4 0 _uhttps://hdl.handle.net/20.500.14156/328593
942 _cGB
_2lcc
998 _j104
_k นางสาวสายฝน ดีงาม